[Event "FRA-chT3 Gr06 0607"]
[Site "France"]
[Date "2007.04.01"]
[Round "9.2"]
[White "Thos, Jacques"]
[Black "Pinot, Christophe"]
[Result "1-0"]
[WhiteElo "2018"]
[BlackElo "1982"]
[PlyCount "41"]
[EventDate "2006.10.15"]
[EventType "team"]
[EventRounds "9"]
[EventCountry "FRA"]
[SourceTitle "EXT 2008"]
[Source "ChessBase"]
[SourceDate "2007.11.25"]
[SourceVersion "1"]
[SourceVersionDate "2007.11.25"]
[SourceQuality "1"]
[WhiteTeam "Lesneven"]
[BlackTeam "Rennes Paul Bert II"]
[WhiteTeamCountry "FRA"]
[BlackTeamCountry "FRA"]

1. e4 e6 2. d4 d5 3. Nc3 Bb4 4. e5 c5 5. a3 Bxc3+ 6. bxc3 Ne7 7. Bd3 0-0 8. Nf3 Ng6 9. h4 c4 10. Bxg6 fxg6 11. h5 Qe8 12. h6 gxh6 13. Bxh6 Rf7 14. Ng5 Re7 15. Qf3 Nc6 16. Rh4 Nd8 17. Kd2 Nf7 18. Nxh7 Kxh7 19. Bg5+ Kg8 20. Qf6 Nh6 21. Rxh6 1-0

[Event "FRA-chT3 Gr06 0607"]
[Site "France"]
[Date "2007.01.21"]
[Round "5.3"]
[White "Thos, Jacques"]
[Black "Lelong, Eric"]
[Result "1-0"]
[WhiteElo "1992"]
[BlackElo "2041"]
[PlyCount "91"]
[EventDate "2006.10.15"]
[EventType "team"]
[EventRounds "9"]
[EventCountry "FRA"]
[SourceTitle "EXT 2008"]
[Source "ChessBase"]
[SourceDate "2007.11.25"]
[SourceVersion "1"]
[SourceVersionDate "2007.11.25"]
[SourceQuality "1"]
[WhiteTeam "Lesneven"]
[BlackTeam "Cherbourg Octeville"]
[WhiteTeamCountry "FRA"]
[BlackTeamCountry "FRA"]

1. e4 d6 2. d4 Nf6 3. Nc3 Nbd7 4. f3 g6 5. Be3 c6 6. Qd2 b5 7. 0-0-0 Nb6 8. Bh6 Nc4 9. Bxc4 bxc4 10. Bxf8 Rxf8 11. e5 dxe5 12. dxe5 Qxd2+ 13. Rxd2 Nd7 14. f4 g5 15. Nf3 gxf4 16. Rhd1 Rg8 17. Ne4 Kf8 18. Rxd7 Bxd7 19. Rxd7 Rxg2 20. Rd4 Re2 21. Rxc4 Rd8 22. b3 h5 23. Ned2 Rf2 24. Rxc6 e6 25. Rc7 h4 26. Rxa7 h3 27. Ra4 Ke7 28. Rc4 Rdxd2 29. Nxd2 Rxh2 30. Rxf4 Rg2 31. Rf1 h2 32. Nf3 Rf2 33. Nxh2 Rxh2 34. Re1 f5 35. exf6+ Kxf6 36. a4 e5 37. Kb2 Kf5 38. a5 Kf4 39. a6 Rh7 40. b4 e4 41. Ra1 Ra7 42. b5 e3 43. b6 Ra8 44. a7 e2 45. b7 Rxa7 46. b8Q+ 1-0

[Event "FRA-chT3 Gr06 0607"]
[Site "France"]
[Date "2006.10.15"]
[Round "1.2"]
[White "Jolly, Jean Francois"]
[Black "Thos, Jacques"]
[Result "1-0"]
[WhiteElo "2310"]
[BlackElo "1996"]
[PlyCount "76"]
[EventDate "2006.10.15"]
[EventType "team"]
[EventRounds "9"]
[EventCountry "FRA"]
[SourceTitle "EXT 2008"]
[Source "ChessBase"]
[SourceDate "2007.11.25"]
[SourceVersion "1"]
[SourceVersionDate "2007.11.25"]
[SourceQuality "1"]
[WhiteTeam "Quimper"]
[BlackTeam "Lesneven"]
[WhiteTeamCountry "FRA"]
[BlackTeamCountry "FRA"]

1. c4 e5 2. Nc3 Nf6 3. g3 Be7 4. Bg2 0-0 5. Nf3 d6 6. d4 Nbd7 7. 0-0 c6 8. e4 Qc7 9. h3 a5 10. Be3 b6 11. Rc1 Nh5 12. Qe2 Re8 13. Na4 Qb8 14. Rfd1 Nhf6 15. Qc2 b5 16. cxb5 cxb5 17. Nc3 Ba6 18. dxe5 dxe5 19. Nd5 Nxd5 20. Rxd5 Nb6 21. Bxb6 Qxb6 22. Qc7 Qxc7 23. Rxc7 f6 24. Bf1 Rab8 25. a4 Kf8 26. Nd2 Red8 27. Rxd8+ Rxd8 28. Nf3 Rb8 29. Rc6 Bc8 30. axb5 Bd7 31. Rc2 Bxb5 32. Bxb5 Rxb5 33. Nd2 Rb7 34. Nc4 Bb4 35. g4 Ke7 36. Ne3 Kf7 37. Nd5 Be7 38. Rc6 Bd8 1-0

[Event "FRA-chT3 0405"]
[Site "France"]
[Date "2004.10.10"]
[Round "1.3"]
[White "Thos, Jacques"]
[Black "Barouillet, Franck"]
[Result "1-0"]
[WhiteElo "2025"]
[BlackElo "1840"]
[PlyCount "93"]
[EventDate "2004.10.10"]
[EventType "team"]
[EventRounds "9"]
[EventCountry "FRA"]
[SourceTitle "EXT 2007"]
[Source "ChessBase"]
[SourceDate "2006.11.23"]
[SourceVersion "1"]
[SourceVersionDate "2006.11.23"]
[SourceQuality "1"]

1. e4 c5 2. Nf3 Nc6 3. d4 cxd4 4. Nxd4 Nf6 5. Nc3 e5 6. Ndb5 d6 7. Bg5 a6 8. Na3 b5 9. Bxf6 gxf6 10. Nd5 f5 11. Bd3 Be6 12. Qh5 Bg7 13. 0-0 f4 14. c3 Bxd5 15. exd5 Ne7 16. Rad1 Kf8 17. Be4 Qd7 18. g3 f5 19. Bg2 Rc8 20. gxf4 exf4 21. Nc2 Rc4 22. Rfe1 Rg8 23. Kh1 Qa7 24. Re2 Be5 25. Rxe5 dxe5 26. d6 Nc6 27. Bxc6 Rxc6 28. d7 Kg7 29. d8Q Rxd8 30. Rxd8 Rg6 31. Qf3 Qc7 32. Qd5 Kh6 33. Rd7 Qb6 34. Qf3 Rg5 35. Qh3+ Rh5 36. Rxh7+ Kxh7 37. Qxh5+ Kg7 38. Qxf5 Qxf2 39. Qxe5+ Kh7 40. Qe4+ Kh6 41. Qg2 Qh4 42. h3 Qe7 43. Nd4 Qe1+ 44. Kh2 Qe5 45. Qc6+ Kh5 46. Qe6 Qc7 47. Qg4+ 1-0

[Event "Paris-ch op"]
[Site "Paris"]
[Date "2001.07.24"]
[Round "4"]
[White "Bouton, Christophe"]
[Black "Thos, Jacques"]
[Result "1-0"]
[WhiteElo "2172"]
[BlackElo "2052"]
[PlyCount "101"]
[EventDate "2001.07.21"]
[EventType "swiss"]
[EventRounds "9"]
[EventCountry "FRA"]
[SourceTitle "CBM 083 Extra"]
[Source "ChessBase"]
[SourceDate "2001.09.11"]
[SourceVersion "1"]
[SourceVersionDate "2001.09.11"]
[SourceQuality "1"]

1. c4 Nf6 2. Nc3 e5 3. Nf3 d6 4. g3 Be7 5. Bg2 0-0 6. 0-0 c6 7. d3 Nbd7 8. b4 d5 9. b5 Re8 10. Bg5 Bb4 11. bxc6 Bxc3 12. cxd7 Bxd7 13. Rc1 d4 14. Rb1 Bc6 15. Bxf6 Qxf6 16. Nh4 Rab8 17. Qc2 Bxg2 18. Nxg2 Qc6 19. e4 a6 20. a4 b5 21. cxb5 axb5 22. axb5 Rxb5 23. Rxb5 Qxb5 24. Rb1 Qa6 25. f4 f6 26. fxe5 Rxe5 27. Nf4 Rb5 28. Rxb5 Qxb5 29. Qa2+ Kf8 30. Qa8+ Ke7 31. Qg8 Qg5 32. Nd5+ Kd7 33. Qf7+ Kc6 34. Qe8+ Kc5 35. Qc8+ Kb5 36. Qc4+ Ka5 37. Nf4 Qg4 38. Qd5+ Ka4 39. Qh5 Qc8 40. Qd1+ Ka3 41. Qc1+ Kb3 42. Kg2 Qa6 43. Qd1+ Kb2 44. Nd5 Qb5 45. Nf4 Qa6 46. Nh3 Qb5 47. Nf4 Qa6 48. Ne2 Qa5 49. Qc1+ Ka2 50. Qc2+ Ka1 51. Nc1 1-0